000 00542nam a2200169 i 4500
001 31247
003 ES-MaACL
007 t|
008 030128s1953 sp ||||1| spa d
100 1 _aBeaudenom, Leopold.
_926808
245 1 0 _aPráctica progresiva de la Confesión y de la dirección /
_cLeopold Beaudenom ; versión castellana por Cipriano Montserrat.
250 _a2ª ed.
260 _aBarcelona :
_bSubirana,
_c1953.
300 _a2 t. ;
_c16 cm.
700 1 _aMontserrat, Cipriano.
_982736
852 _aES-MaACL
_jC-8068-69
_bR.35524
999 _c31247
_d31247